Websites That Lead to Apple - Statistics

General Stats
  • This quiz has been taken 15 times
  • The average score is 7 of 14
Answer Stats
Hint Answer % Correct
misspelling of above aple
100%
classic Apple
92%
product iphone
83%
product mac
83%
airplanes home airport
58%
product imac
58%
scientist newton
50%
product itunes
42%
product macmini
33%
adjacent next
33%
element carbon
25%
grab catch
25%
product facetime
17%
surface texture
17%
No matching quizzes found
Score Distribution
Percent of People with Each Score
Percentile by Number Answered
Your Score History
You have not taken this quiz